000 00430nam a22001577a 4500
005 20241021102455.0
008 241021b |||||||| |||| 00| 0 eng d
020 _a9780781751155
050 _aRJ245.
_bK95 KYL
100 _aKyle, Terri
245 _aEssentials of Pediatric Nursing
260 _aPhiladelphia
_bWolters Kluwer/Lippincott Williams and Wilkins
300 _axxvi,1198p
500 _aInclude Index
942 _2lcc
_cBK
_n0
999 _c95
_d95